|
|
|
|
| LEADER |
01039nam a2200385 4500 |
| 001 |
DLU190189587 |
| 005 |
##20190305 |
| 020 |
# |
# |
|a 9780840034106
|
| 040 |
# |
# |
|a DLU
|b vie
|
| 041 |
# |
# |
|a eng
|
| 044 |
# |
# |
|a us
|
| 082 |
# |
# |
|a 361.32
|b DO-R
|
| 100 |
# |
# |
|a Dolgoff, Ralph.
|
| 245 |
# |
# |
|a Ethical decisions for social work practice /
|c Ralph Dolgoff, Donna Harrington, Frank M. Loewenberg.
|
| 250 |
# |
# |
|a 9th ed.
|
| 260 |
# |
# |
|a Belmont, CA :
|b Thomson Brooks/Cole,
|c 2012.
|
| 300 |
# |
# |
|a xiii, 322 p. :
|b ill;
|c 24 cm.
|
| 650 |
# |
# |
|a Social case work
|x Moral and ethical aspects.
|
| 650 |
# |
# |
|a Social case work
|z United States.
|
| 650 |
# |
# |
|a Social workers
|x Professional ethics
|z United States.
|
| 700 |
# |
# |
|a Loewenberg, Frank M.
|
| 700 |
# |
# |
|a Harrington, Donna.
|
| 923 |
# |
# |
|a 05/2018
|
| 991 |
# |
# |
|a SH
|
| 992 |
# |
# |
|a 2724545
|
| 993 |
# |
# |
|a 2012
|
| 994 |
# |
# |
|a DLU
|
| 900 |
# |
# |
|a True
|
| 911 |
# |
# |
|a Nguyễn Thanh Hương
|
| 925 |
# |
# |
|a G
|
| 926 |
# |
# |
|a A
|
| 927 |
# |
# |
|a SH
|
| 980 |
# |
# |
|a Thư viện Trường Đại học Đà Lạt
|